| 000 | 00503am a2200205a 44500 | ||
|---|---|---|---|
| 003 | AR-BaBNM | ||
| 005 | 20251128202728.0 | ||
| 008 | 274019s1964 #AR|||||||||||000 | spa|| | ||
| 040 | _cAR-BaBNM | ||
| 100 | 1 | _aBuck, Pearl S. | |
| 245 | 1 | 0 | _aLa madre |
| 260 |
_aBarcelona _bEdiciones G.P. _c1964 |
||
| 650 | 4 | _aLITERATURA CONTEMPORANEA | |
| 650 | 4 | _aNOVELAS | |
| 650 | 4 | _aLITERATURA ESTADOUNIDENSE | |
| 655 | _aLITERATURA | ||
| 700 | 1 |
_aPaytuvi, Carlos _etraductor |
|
| 942 | _cBK | ||
| 998 | _cLomberg | ||
| 999 |
_c284 _d284 |
||